00962nam a2200253Ia 4500003000400000005001700004008004100021020001800062040001800080041000800098082002100106100002400127245011800151250001200269260005800281300002700339650002900366650004000395650003300435700002800468942003000496999001900526952016300545OSt20240606145323.0210716s2012 xx 000 0 und d a9789325974920 cAIMIT LIBRARY aeng a374.22 21bRAIA aRaiz,Allon.9169558 aWhat to do when you want to give up : bhelp for entrepreneurs in tough times /cBy Allon Raiz and Trevor Waller. a1st ed. aNew Delhi :bVikas Publishing House Pvt Ltd ,c2012. av,178p. ;bPBc19.7 cm aPassion and pain9169559 aAre you thinking big enough9169560 aWhat are you missing9169561 aWaller, Trevor.9169562 2ddccBKe1stk374.22 RAIA c208696d208696 00102ddc40708MBAaAIMITbAIMITd2014-10-18g295.00iBill no:740; Bill dt:2014-09-23l0o374.22 RAIApMBA11262r2025-07-21 00:00:00v221.25w2021-07-16yBK